Meranie intenzity osvetlenia v spoločnosti ZSSK a.s. pomocou Luxmetra LX-103
Guardado en:
| Autor principal: | |
|---|---|
| Otros Autores: | |
| Formato: | Manuscrito Libro |
| Lenguaje: | eslovaco |
| Publicado: |
2016
|
| Materias: | |
| Acceso en línea: | http://is.stuba.sk/zp/portal_zp.pl?podrobnosti=133594 |
| Etiquetas: |
Sin Etiquetas, Sea el primero en etiquetar este registro!
|
MARC
| LEADER | 00000ntm a22000003a 4500 | ||
|---|---|---|---|
| 001 | stuzp58389 | ||
| 003 | SK-STU | ||
| 005 | 20160719155542.1 | ||
| 007 | ta | ||
| 008 | 150427s2015----xo-----f-mn---000-0-slo-d | ||
| 040 | |a STU |b slo | ||
| 041 | 0 | |a slo | |
| 100 | 1 | |a Bezáková, Dominika |u 020020 |k Z4 |4 aut |U SjF Strojnícka fakulta |T SjF Ústav automatizácie, merania a aplikovanej informatiky |X 42341 |U J0020 |Y 802 |7 A000042341 | |
| 242 | 0 | 1 | |a Measuring light intensties in ZSSK, a.s. by Luxmeter LX-103 |y eng |
| 245 | 1 | 0 | |a Meranie intenzity osvetlenia v spoločnosti ZSSK a.s. pomocou Luxmetra LX-103 |
| 260 | |c 2016 | ||
| 650 | 4 | |a Luxmeter |2 slo | |
| 650 | 4 | |a Zraková pohoda |2 slo | |
| 650 | 4 | |a Svetlo |2 slo | |
| 650 | 4 | |a Intenzita osvetlenia |2 slo | |
| 650 | 4 | |a Light |2 eng | |
| 650 | 4 | |a Visual Comfort |2 eng | |
| 650 | 4 | |a Light intensity |2 eng | |
| 650 | 4 | |a Luxmeter |2 eng | |
| 700 | 1 | |a Pavlásek, Peter |u 020020 |k Z2 |4 ths |U SjF Strojnícka fakulta |T SjF Ústav automatizácie, merania a aplikovanej informatiky |X 51210 |U J0020 |Y 802 |7 A000051210 | |
| 856 | 4 | |u http://is.stuba.sk/zp/portal_zp.pl?podrobnosti=133594 | |
| 996 | |b 284J044108 |c J* 2398/DP |l JJSK |s A |a 24 |w stuzp58389_0001 | ||
| SQL | |a stuzp58389 |b DDP |c SLO |d Meranie intenzity osvetlenia v spoločnosti ZSSK a.s. pomocou Luxmetra LX-103 |e 42341 |f Bezáková, Dominika |g 020020 |h 51210 |i Pavlásek, Peter |j 20160615 |k 648 |l 02 |m http://is.stuba.sk/zp/portal_zp.pl?podrobnosti=133594 |n I-MESK |o 5.2.53. meranie | ||